000 00508cam a2200193ua 4500
001 67
008 110315n ii |||gr||||Z||||||eng
020 _a978-81-7884-409-1
040 _cMAIN
082 _a004.6
245 _aData Communications And Networking.
_cBy Ashok Gahlot.
250 _a1st.
260 _aNew Delhi.:
_bCyber Tech.,
_c2009.
300 _a234 p.:
_bill.;
_c25 cm.
653 _aComputer Science.
653 _aData Communications And Networking.
700 1 _aGahlot, Ashok.,
942 _cBK
999 _c58
_d58